000 00577nam a2200217Ia 4500
003 GCL
008 140319s9999 xx 000 0 eng d
040 _aGCL /
_cGCL
082 0 4 _a005.3
_bM W
100 1 _aMESTERS, JEAN-PAUL
245 1 0 _aWORKS FACILE SUR P.C. /
_cMESTERS, JEAN-PAUL
260 _a[S.N] :
_bMARABOUT UNIVERSITE ،
_c1990
300 _a416 P
490 _aMARABOUT
_v0
650 0 4 _aCOMPUTER SOFTWARE
650 0 4 _aMS - DOS ( COMPUTER OPERATING SYSTEM )
650 0 4 _aCOMPUTER PROGRM
650 0 4 _aPC SOUND CARDS
650 0 4 _aP C
942 _2ddc
_cBK
999 _c22863
_d22863